[Event "Fare Ch"]
[Site "?"]
[Date "1994.??.??"]
[Round "4"]
[White "Brameld, Arthur F"]
[Black "Corkett, Anthony"]
[Result "1/2-1/2"]
[WhiteElo "2070"]
[BlackElo "2310"]
[PlyCount "98"]
[EventDate "1994.??.??"]
[EventType "simul"]
[EventRounds "7"]

1. d4 d5 2. c4 c6 3. Nc3 Nf6 4. Nf3 e6 5. e3 Bd6 6. Bd3 Nbd7 7. cxd5 exd5 8. O-O O-O 9. Qc2 Re8 10. Bd2 Nf8 11. Bf5 Ng6 12. Bxc8 Qxc8 13. Rae1 Ne4 14. Bc1 Qc7 15. g3 f5 16. Kg2 Qe7 17. h4 h6 18. Rh1 Nf8 19. h5 Nh7 20. Qe2 Bb4 21. Bd2 Bxc3 22. bxc3 Qf7 23. Ne5 Qc7 24. Rh4 Nd6 25. c4 Nf6 26. Bb4 Nde4 27. Rf4 c5 28. Ba3 cxd4 29. exd4 Qa5 30. Bb2 Rac8 31. c5 b6 32. c6 Nd6 33. Rc1 Nfe4 34. c7 b5 35. f3 Ng5 36. Rc5 Ne6 37. Rxd5 Nxf4+ 38. gxf4 Qxc7 39. Rc5 Qb7 40. Qd3 Red8 41. Qb3+ Kh7 42. Qe6 Rxc5 43. dxc5 Nc4 44. Qg6+ $2 (44. c6 $1 Rd2+ (44... Qc7 45. Nxc4 bxc4 46. Be5 $18) 45. Kh3 Qc7 46. Qxf5+ Kg8 47. Qe6+ Kh7 48. Nd7 $18) 44... Kg8 45. Qe6+ Kh7 46. Qg6+ Kg8 47. Qe6+ Kh7 48. Qg6+ Kg8 49. Qe6+ Kh7 1/2-1/2

[Event "Fare Ch"]
[Site "?"]
[Date "1994.??.??"]
[Round "5"]
[White "Silber, Warwick"]
[Black "Brameld, Arthur F"]
[Result "0-1"]
[WhiteElo "1840"]
[BlackElo "2070"]
[PlyCount "132"]
[EventDate "1994.??.??"]
[EventType "simul"]
[EventRounds "7"]

1. d4 d5 2. Nf3 c6 3. Bf4 Nf6 4. e3 Bg4 5. Bd3 Na6 6. c3 Qb6 7. Qb3 Bxf3 8. gxf3 g6 9. Be5 Bg7 10. Nd2 O-O 11. h4 c5 12. Qxb6 axb6 13. Bb5 Nh5 14. Bh2 Bf6 15. Bg3 Nxg3 16. fxg3 e5 17. dxe5 Bxe5 18. f4 Bg7 19. h5 Nc7 20. Bd3 Rfe8 21. Kf2 Re7 22. hxg6 hxg6 23. a3 c4 24. Bc2 Na6 25. Nf3 Nc5 26. Rad1 Ne4+ 27. Kg2 Ra5 28. Rhe1 Rb5 29. Rb1 Nc5 30. Nd4 Bxd4 31. cxd4 Nb3 32. Bxb3 Rxb3 33. Kf3 Re4 34. Re2 Rxd4 35. Kg2 Rdd3 36. Rbe1 f5 37. g4 fxg4 38. Kg3 d4 39. Kxg4 dxe3 40. Kf3 Rd2 41. Rxe3 Rdxb2 42. Kg4 Rxe3 43. Rxe3 Kf7 44. Rc3 b5 45. Kf3 Rb3 46. Re3 Kf6 47. Ke2 Rxe3+ 48. Kxe3 Kf5 49. Kf3 c3 50. Ke3 c2 51. Kd2 Kxf4 52. Kxc2 Ke3 53. Kc3 g5 54. Kb4 g4 55. Kxb5 g3 56. Kb6 g2 57. a4 g1=Q 58. a5 Ke4+ 59. Kxb7 Qf1 60. a6 Qb5+ 61. Ka7 Kd5 62. Ka8 Qxa6+ 63. Kb8 Qh6 64. Ka8 Qh7 65. Kb8 Kc6 66. Ka8 Qb7# 0-1

[Event "Fare Ch Play-off (20')"]
[Site "?"]
[Date "1994.??.??"]
[Round "1"]
[White "Brameld, Arthur F"]
[Black "Corkett, Anthony"]
[Result "0-1"]
[WhiteElo "2130"]
[BlackElo "2270"]
[PlyCount "100"]
[EventDate "1994.??.??"]
[EventType "match"]
[EventRounds "2"]

1. e4 c5 2. Nf3 Nc6 3. d4 cxd4 4. Nxd4 g6 5. c4 Bg7 6. Be3 Nf6 7. Nc3 O-O 8. Be2 d6 9. O-O Bd7 10. Qd2 Nxd4 11. Bxd4 Bc6 12. f3 a5 13. b3 Nd7 14. Bxg7 Kxg7 15. Nd5 Bxd5 16. exd5 Nc5 17. Rae1 Re8 18. f4 Qb6 19. Qd4+ Kg8 20. Kh1 a4 21. f5 axb3 22. fxg6 hxg6 23. axb3 Qxb3 24. Rf3 Qc2 25. Bd1 e5 26. dxe6 Rxe6 27. Ref1 Qe4 28. Qf2 f5 29. Qg3 Qe5 30. Qg5 Qf6 31. Qh6 Qg7 32. Qh4 Re4 33. Qg3 Re5 34. Rf4 Rae8 35. Bf3 g5 36. Rd4 Ne4 37. Bxe4 Rxe4 38. Rxd6 Re3 39. Qf2 f4 40. Qc2 Re1 41. Kg1 R1e6 42. Rd5 Re5 43. Rfd1 Re2 44. Qf5 Rf8 45. Qg4 f3 46. gxf3 Re5 47. Rd7 Qh6 48. Rxb7 Re2 49. Qg3 Qf6 50. Rdd7 $4 Qa1+ 0-1

[Event "Fare Ch Play-off (20')"]
[Site "?"]
[Date "1994.??.??"]
[Round "2"]
[White "Corkett, Anthony"]
[Black "Brameld, Arthur F"]
[Result "1-0"]
[WhiteElo "2270"]
[BlackElo "2130"]
[PlyCount "65"]
[EventDate "1994.??.??"]
[EventType "match"]
[EventRounds "2"]

1. Nc3 d5 2. e4 dxe4 3. Nxe4 Nd7 4. Bc4 Ngf6 5. Ng3 e6 6. d3 Be7 7. Qe2 O-O 8. Nf3 c6 9. O-O Nb6 10. Bb3 a5 11. a4 Qc7 12. Ne5 Nbd5 13. Bd2 Bd6 14. Rfe1 b6 15. Nc4 Bc5 16. Ne4 Nxe4 17. dxe4 Nf4 18. Qf3 Ng6 19. e5 Ba6 20. Qg3 Rad8 21. Bc3 Rd7 22. h4 Rfd8 23. h5 Bxc4 24. Bxc4 Ne7 25. Bd3 Bd4 26. h6 g6 27. Qh4 Bxc3 28. Qf6 Kf8 29. bxc3 Nd5 30. Qg7+ Ke8 31. Qxh7 Nxc3 32. Qh8+ Ke7 33. Qf6+ 1-0

[Event "WECU Jamboree"]
[Site "?"]
[Date "1994.??.??"]
[Round "?"]
[White "Brusey, Alan"]
[Black "Brameld, Arthur F"]
[Result "0-1"]
[WhiteElo "1920"]
[BlackElo "2130"]
[PlyCount "130"]
[EventDate "1994.??.??"]
[EventType "game"]

1. e4 Nf6 2. e5 Nd5 3. d4 d6 4. c4 Nb6 5. f4 g5 6. exd6 Qxd6 7. c5 Qe6+ 8. Be2 Nd5 9. fxg5 Nc6 10. Nf3 Bg7 11. Nc3 O-O 12. Qd2 Rd8 13. a3 Qg4 14. Bc4 Be6 15. Bxd5 Bxd5 16. Nxd5 Rxd5 17. O-O Nxd4 18. Nxd4 Qxd4+ 19. Qxd4 Bxd4+ 20. Kh1 Rxc5 21. Rb1 Rc2 22. b4 e5 23. b5 Re8 24. Rb4 Re6 25. h4 b6 26. Kh2 c5 27. bxc6 Rexc6 28. Rb1 Re2 29. Rb3 Rcc2 30. Rg3 Bc3 31. Rgf3 Be1 32. Be3 Rxg2+ 33. Kh3 Rh2+ 34. Kg4 Rxh4+ 35. Kf5 Bc3 36. Bf2 Ra4 37. Rh1 Rf4+ 38. Rxf4 exf4 39. Bh4 f3 40. Rf1 Bb2 41. Rxf3 Rc5+ 42. Kg4 Rc3 43. Rxc3 Bxc3 44. Bg3 Bd4 45. Bb8 a5 46. a4 f6 47. gxf6 Bxf6 48. Bf4 Bd4 49. Kf5 Kf7 50. Bg5 Bc5 51. Bh4 Be7 52. Bf2 Bd8 53. Bd4 h5 54. Be5 h4 55. Bf4 Ke7 56. Kg4 Ke6 57. Bh2 Kd5 58. Kf5 h3 59. Kg4 Kc4 60. Kxh3 Kb4 61. Kg2 Kxa4 62. Kf3 Bf6 63. Ke3 Kb3 64. Bc7 a4 65. Bxb6 a3 0-1

[Event "Perrott"]
[Site "?"]
[Date "1994.??.??"]
[Round "2"]
[White "Brameld, Arthur F"]
[Black "McInnes, Neil"]
[Result "1-0"]
[WhiteElo "2130"]
[BlackElo "1750"]
[PlyCount "57"]
[EventDate "1994.??.??"]
[EventType "game"]

1. Nc3 d5 2. e4 d4 3. Nce2 e5 4. Ng3 Nf6 5. Nf3 Bd6 6. Bc4 h6 7. d3 Nc6 8. O-O Na5 9. Bb3 Nxb3 10. axb3 c5 11. Nh4 O-O 12. Nhf5 b5 13. Bd2 Re8 14. Qc1 Bf8 15. f4 c4 16. Ba5 Qd7 17. fxe5 Rxe5 18. Nxh6+ gxh6 19. Rxf6 Bg7 20. Rf5 Qc6 21. Rxe5 Bxe5 22. bxc4 bxc4 23. dxc4 Kh7 24. Bd2 Bxg3 25. hxg3 Qxe4 26. Qf1 Be6 27. Qf6 Bxc4 28. Qxh6+ Kg8 29. Ra5 1-0

[Event "Ports Lge"]
[Site "?"]
[Date "1994.??.??"]
[Round "?"]
[White "Brameld, Arthur F"]
[Black "Davies, Keith"]
[Result "1-0"]
[WhiteElo "2130"]
[BlackElo "1890"]
[PlyCount "49"]
[EventDate "1994.??.??"]
[EventType "swiss"]

1. e4 c6 2. d4 d5 3. Nd2 e6 4. Ngf3 dxe4 5. Nxe4 Nd7 6. Bd3 Ndf6 7. Neg5 Nh6 (7... h6 8. Nxf7 Kxf7 9. Ne5+ Ke8 10. Bg6+ Ke7 11. Nf7 Qd5 12. Nxh8 Qxg2 13. Rf1) 8. Qe2 Bd6 9. h3 Qe7 10. g4 Bd7 11. Ne4 Nxe4 12. Bxe4 f5 13. Bg5 Qf7 (13... fxe4 14. Bxe7 exf3 15. Qxf3 Kxe7 16. O-O) 14. gxf5 Nxf5 15. Ne5 Bxe5 16. dxe5 O-O 17. O-O-O h6 18. Bd2 Rfd8 19. Rdg1 Kh8 20. Rh2 Rg8 21. Rhg2 Raf8 22. Rg6 Ne7 23. Qh5 Nxg6 24. Rxg6 Qxf2 25. Rxh6+ 1-0

[Event "Ports Lge"]
[Site "?"]
[Date "1994.??.??"]
[Round "?"]
[White "Cary, Ian"]
[Black "Brameld, Arthur F"]
[Result "0-1"]
[WhiteElo "1880"]
[BlackElo "2130"]
[PlyCount "130"]
[EventDate "1994.??.??"]
[EventType "swiss"]

1. f4 g6 2. e4 Bg7 3. Bc4 c6 4. Nc3 b5 5. Bb3 Nh6 6. Nf3 b4 7. Ne2 O-O 8. d4 d5 9. e5 Bg4 10. O-O e6 11. c3 a5 12. Qe1 Qb6 13. Bc2 Nd7 14. h3 Bxf3 15. Rxf3 c5 16. Be3 c4 17. Ba4 Ra7 18. g4 Kh8 19. Qh4 Qd8 20. Qe1 Qe7 21. Qd2 f5 22. g5 Ng8 23. h4 Rb8 24. h5 gxh5 25. Rh3 Nf8 26. Rxh5 bxc3 27. Nxc3 Rb4 28. Rc1 Rab7 29. Rc2 Qf7 30. Qh2 Rxb2 31. Bc1 Rxc2 32. Bxc2 Ne7 33. Na4 Nc6 34. Nc5 Nxd4 35. Rh3 Rb5 36. Ba3 Qa7 37. Qf2 Nxc2 38. Qxc2 Rxc5 39. Bxc5 Qxc5+ 40. Kf1 Qb5 41. Qe2 {Sealed Move.} Qb1+ 42. Kf2 Qc1 43. Rh4 Ng6 44. Qh5 Qd2+ 45. Kf1 Qd3+ 46. Kf2 Qd2+ 47. Kf1 Qc1+ 48. Kf2 Qb2+ 49. Kf1 Qb1+ 50. Kf2 Qxa2+ 51. Kf1 Qa1+ 52. Kf2 Qd4+ 53. Kf1 Kg8 54. Qxh7+ Kf7 55. Rh2 Qxf4+ 56. Ke1 Qc1+ 57. Kf2 d4 58. Rh1 Qf4+ 59. Ke2 d3+ 60. Kd1 c3 61. Ke1 c2 62. Qxg7+ Kxg7 63. Rh7+ Kf8 64. Rf7+ Ke8 65. Re7+ Nxe7 0-1

[Event "Ports Lge"]
[Site "?"]
[Date "1994.??.??"]
[Round "?"]
[White "Rossiter, Philip"]
[Black "Brameld, Arthur F"]
[Result "0-1"]
[WhiteElo "2320"]
[BlackElo "2125"]
[PlyCount "84"]
[EventDate "1994.??.??"]
[EventType "swiss"]

1. d4 Nf6 2. c4 e6 3. Nf3 b6 4. g3 Bb7 5. Bg2 Be7 6. Nc3 O-O 7. O-O d6 8. b3 Nbd7 9. Bb2 Ne4 10. Qc2 Nxc3 11. Bxc3 f5 12. Ng5 Bxg2 13. Nxe6 Be4 14. Qd2 Qe8 15. f3 Bb7 16. d5 Qg6 17. Nxf8 Rxf8 18. Rf2 Bg5 19. e3 Re8 20. Re1 Bf6 21. Bxf6 Nxf6 22. b4 Re5 23. a4 Qe8 24. Qc3 Bc8 25. a5 b5 26. cxb5 Nxd5 27. Qc4 Be6 28. Qd4 Qxb5 29. Qxa7 Qxb4 30. Rfe2 Nc3 31. Rc2 {Sealed Move.} Rc5 32. Qa8+ Kf7 33. a6 Na2 34. Rce2 Nc1 35. a7 Nxe2+ 36. Rxe2 Qc4 37. Kf2 Ra5 38. Qb8 Bd5 39. Qb1 Bc6 40. Rc2 Qd5 41. e4 fxe4 42. Qc1 Qd4+ 0-1

[Event "Hants Individual"]
[Site "?"]
[Date "1994.??.??"]
[Round "3"]
[White "Brameld, Arthur F"]
[Black "Newbury, Martin"]
[Result "0-1"]
[WhiteElo "2125"]
[BlackElo "2060"]
[PlyCount "86"]
[EventDate "1994.??.??"]
[EventType "simul"]
[EventRounds "5"]

1. e4 c5 2. Nf3 d6 3. d4 cxd4 4. Nxd4 Nf6 5. Nc3 a6 6. Bc4 e6 7. Bb3 b5 8. f3 Be7 9. Be3 b4 10. Nce2 e5 11. Nf5 Bxf5 12. exf5 Nbd7 13. c3 a5 14. O-O O-O 15. cxb4 axb4 16. Qd2 Qa5 17. Rfd1 Nb6 18. Ng3 d5 19. Qf2 Nc4 20. Bxc4 dxc4 21. Bg5 Bc5 22. Be3 Bxe3 23. Qxe3 Rfd8 24. Re1 c3 25. bxc3 bxc3 26. Rac1 Rac8 27. Re2 Rd5 28. Rec2 Rdc5 29. Ne2 Nd5 30. Qxe5 Qa3 31. Qd4 h6 32. Rb1 Qa5 33. Rb7 Rc4 34. Qe5 Qc5+ 35. Kh1 Ne3 36. Qxc5 R8xc5 37. Rc1 c2 38. Rb3 Nxf5 39. Rb2 Nd4 40. Ng3 f5 41. f4 Rc3 42. Rb8+ Kh7 43. Rd8 Rd3 0-1

[Event "Hants Individual"]
[Site "?"]
[Date "1994.??.??"]
[Round "4"]
[White "Phillips, N."]
[Black "Brameld, Arthur F"]
[Result "0-1"]
[WhiteElo "1920"]
[BlackElo "2125"]
[PlyCount "70"]
[EventDate "1994.??.??"]
[EventType "simul"]
[EventRounds "5"]

1. e4 Nf6 2. e5 Nd5 3. c4 Nb6 4. d4 d6 5. f4 g5 6. Nf3 g4 7. Ng5 h6 8. Ne4 f5 9. exf6 exf6 10. Qe2 Kf7 11. Nbc3 f5 12. Ng3 Bg7 13. Qd3 Re8+ 14. Be3 Kg6 15. Be2 Nxc4 16. Nd5 Nxe3 17. Nxe3 Qf6 18. Bxg4 Kh7 19. O-O-O Rxe3 20. Qxe3 fxg4 21. Nh5 Qf7 22. Nxg7 Kxg7 23. d5 Nd7 24. h3 Nf6 25. Qd4 Bf5 26. hxg4 Bxg4 27. Rd3 h5 28. Rg3 Qg6 29. Re1 Re8 30. Rxe8 Qxe8 31. Re3 Qb5 32. Re7+ Kg6 33. Kd2 Qxd5 34. Kc3 Be6 35. Qxd5 Nxd5+ 0-1

[Event "Hants Individual"]
[Site "?"]
[Date "1994.??.??"]
[Round "5"]
[White "Brameld, Arthur F"]
[Black "Fraser Mitchell, Jeremy"]
[Result "1/2-1/2"]
[WhiteElo "2125"]
[BlackElo "2030"]
[PlyCount "66"]
[EventDate "1994.??.??"]
[EventType "simul"]
[EventRounds "5"]

1. Nc3 e6 2. e4 d5 3. d4 Bb4 4. Nge2 dxe4 5. a3 Bxc3+ 6. Nxc3 e5 7. dxe5 Qxd1+ 8. Kxd1 Bf5 9. Nd5 Kd7 10. f4 exf3 11. gxf3 Nc6 12. Ne3 Be6 13. f4 Nge7 14. Rg1 g6 15. c3 Rhf8 16. Ng4 Bxg4+ 17. Rxg4 Nf5 18. Bd3 Nce7 19. Be4 c6 20. Ke2 Rad8 21. Be3 b6 22. a4 Kc7 23. a5 Nxe3 24. axb6+ axb6 25. Kxe3 Kb7 26. b4 f5 27. exf6 Rxf6 28. Rg2 Nd5+ 29. Bxd5 cxd5 30. Rd2 Re8+ 31. Kf3 Re4 32. Rxd5 Rfxf4+ 33. Kg3 Rg4+ 1/2-1/2

[Event "Hants Individual"]
[Site "?"]
[Date "1994.??.??"]
[Round "6"]
[White "Tunks, Dominic R"]
[Black "Brameld, Arthur F"]
[Result "0-1"]
[WhiteElo "2110"]
[BlackElo "2125"]
[PlyCount "54"]
[EventDate "1994.??.??"]
[EventType "simul"]
[EventRounds "5"]

1. Nf3 d5 2. g3 g6 3. Bg2 Bg7 4. O-O c5 5. d4 cxd4 6. Nxd4 Nc6 7. Nxc6 bxc6 8. c4 e6 9. Nc3 Ne7 10. Qd2 Ba6 11. cxd5 cxd5 12. b3 Bxe2 13. Re1 Ba6 14. Bb2 O-O 15. Rad1 Nf5 16. Na4 Rc8 17. Ba3 Re8 18. Nc5 Qb6 19. Qb4 Bb5 20. Rc1 Bh6 21. Na4 Bxa4 22. Rxc8 Rxc8 23. Qxa4 Bf8 24. Bxf8 Kxf8 25. Qf4 Qd4 26. Qxd4 Nxd4 27. Rd1 Rc1 0-1

[Event "NATO, Breda"]
[Site "Breda"]
[Date "1994.??.??"]
[Round "1"]
[White "Brameld, Arthur F"]
[Black "Parisse, D."]
[Result "1-0"]
[WhiteElo "2120"]
[BlackElo "1860"]
[PlyCount "83"]
[EventDate "1994.??.??"]
[EventType "simul"]
[EventRounds "7"]
[EventCountry "NED"]

1. e4 e6 2. d4 d5 3. Nc3 Nf6 4. e5 Nfd7 5. f4 c5 6. Nf3 Nc6 7. Be3 Qb6 8. Na4 Qa5+ 9. c3 cxd4 10. b4 Qd8 11. Nxd4 Nxd4 12. Bxd4 Be7 13. Bd3 O-O 14. O-O a6 15. f5 f6 16. fxe6 Nxe5 17. Bxe5 fxe5 18. Qh5 e4 19. Rxf8+ Qxf8 20. Rf1 Qd8 21. Qf7+ Kh8 22. Rf5 Bxe6 23. Qxe6 exd3 24. Rxd5 Qe8 25. Rxd3 Qb5 26. Nb2 Bf6 27. Rd5 Qe8 28. Qxe8+ Rxe8 29. Nd1 Kg8 30. Kf2 Rc8 31. Rd3 Rc7 32. a4 b6 33. Rd6 Rb7 34. Rc6 Kf7 35. Ne3 Ke7 36. Nd5+ Kd7 37. b5 axb5 38. axb5 Bd8 39. Kf3 Ra7 40. Nxb6+ Bxb6 41. Rxb6 Rc7 42. Rc6 1-0

[Event "NATO, Breda"]
[Site "Breda"]
[Date "1994.??.??"]
[Round "2"]
[White "Grotnes, Nils"]
[Black "Brameld, Arthur F"]
[Result "1-0"]
[WhiteElo "2325"]
[BlackElo "2120"]
[PlyCount "53"]
[EventDate "1994.??.??"]
[EventType "simul"]
[EventRounds "7"]
[EventCountry "NED"]

1. d4 Nf6 2. Nf3 e6 3. c4 Bb4+ 4. Nbd2 a5 5. g3 d5 6. Qc2 c6 7. Bg2 O-O 8. O-O Nbd7 9. e4 Nxe4 10. Nxe4 dxe4 11. Qxe4 Be7 12. Rd1 Bf6 13. Bf4 a4 14. Rd2 Qa5 15. Rad1 Qb4 16. Bf1 g6 17. Ne5 Rd8 18. Ng4 Bg7 19. Bc7 Re8 20. Qf4 h5 21. Bd6 Qa5 22. Nh6+ Bxh6 23. Qxh6 e5 24. c5 Qb4 25. dxe5 Nf8 26. Rd4 Qxb2 27. Bxf8 1-0

[Event "NATO, Breda"]
[Site "Breda"]
[Date "1994.??.??"]
[Round "3"]
[White "Brameld, Arthur F"]
[Black "Koopmeiners, Karl"]
[Result "1/2-1/2"]
[WhiteElo "2120"]
[BlackElo "1885"]
[PlyCount "53"]
[EventDate "1994.??.??"]
[EventType "simul"]
[EventRounds "7"]
[EventCountry "NED"]

1. Nc3 d5 2. e4 c6 3. d4 dxe4 4. Nxe4 Nf6 5. Nxf6+ gxf6 6. c3 Bf5 7. Nf3 Qc7 8. Nh4 Bg6 9. Qf3 Nd7 10. Bc4 e6 11. Bf4 Bd6 12. Bxd6 Qxd6 13. O-O-O O-O-O 14. Qg3 Nb6 15. Qxd6 Rxd6 16. Nxg6 hxg6 17. Bb3 Nd5 18. g3 Rh3 19. Bc4 Rd8 20. Bf1 Rh6 21. Bg2 Rdh8 22. h4 g5 23. hxg5 fxg5 24. Rxh6 Rxh6 25. Rh1 Rxh1+ 26. Bxh1 Kd7 27. Bxd5 1/2-1/2

[Event "NATO, Breda"]
[Site "Breda"]
[Date "1994.??.??"]
[Round "4"]
[White "Hamann, Carsten"]
[Black "Brameld, Arthur F"]
[Result "0-1"]
[WhiteElo "2090"]
[BlackElo "2120"]
[PlyCount "50"]
[EventDate "1994.??.??"]
[EventType "simul"]
[EventRounds "7"]
[EventCountry "NED"]

1. e4 Nf6 2. e5 Nd5 3. d4 d6 4. Nf3 Bg4 5. c4 Nb6 6. Be2 dxe5 7. Nxe5 Bxe2 8. Qxe2 Qxd4 9. O-O N8d7 10. Nxd7 Qxd7 11. Nc3 e6 12. Be3 Qc6 13. Rac1 Be7 14. Bd4 a6 15. Qg4 O-O-O 16. Bxb6 cxb6 17. Nb5 Kb8 18. Qf4+ Ka8 19. Qxf7 Bg5 20. Nc7+ Kb8 21. Nxe6 Rd7 22. Qf5 Bxc1 23. Rxc1 Re8 24. Qf4+ Ka7 25. Nd4 Qxc4 0-1

[Event "NATO, Breda"]
[Site "Breda"]
[Date "1994.??.??"]
[Round "5"]
[White "Brameld, Arthur F"]
[Black "Dignum, Erik"]
[Result "1/2-1/2"]
[Annotator "Arthur F Brameld"]
[WhiteElo "2120"]
[BlackElo "1740"]
[PlyCount "28"]
[EventDate "1994.??.??"]
[EventType "simul"]
[EventRounds "7"]
[EventCountry "NED"]

1. e4 c6 2. Nc3 d5 3. f4 dxe4 4. Nxe4 Nf6 5. Nf2 Qc7 6. g3 h5 7. Nf3 Ng4 8. Nd3 Bf5 9. h3 Bxd3 10. Bxd3 Nf6 11. b3 Nbd7 12. Bb2 e6 13. Ne5 Nxe5 14. fxe5 Nd7 (14... Nd7 {maybe } 15. Qe2 Nc5 16. Bc4 b5 17. Bd3 h4 18. g4 Qd7 19. Be4 Nxe4 20. Qxe4 Qd5 21. Qxd5 cxd5 $14) 1/2-1/2

[Event "NATO, Breda"]
[Site "Breda"]
[Date "1994.??.??"]
[Round "6"]
[White "Gooris, Jan"]
[Black "Brameld, Arthur F"]
[Result "0-1"]
[WhiteElo "2185"]
[BlackElo "2120"]
[PlyCount "82"]
[EventDate "1994.??.??"]
[EventType "simul"]
[EventRounds "7"]
[EventCountry "NED"]

1. e4 Nf6 2. e5 Nd5 3. d4 d6 4. Bc4 Nb6 5. Bb3 dxe5 6. Qh5 e6 7. dxe5 a5 8. a4 Na6 9. Nf3 Nc5 10. O-O Nxb3 11. cxb3 Qd3 12. Nc3 Bd7 13. Be3 Bc6 14. Nd4 Qg6 15. Qh3 Nd5 16. Nxc6 bxc6 17. Rac1 Rb8 18. Nxd5 exd5 19. f4 Qd3 20. Rc3 Qe4 21. f5 Bb4 22. Rf4 Qxe5 23. Rxc6 Rd8 24. f6 g6 25. Rf1 h5 26. Bf4 Qd4+ 27. Kh1 O-O 28. Qg3 Rfe8 29. Bh6 Bd6 30. Qf3 Qe5 31. g3 Qxb2 32. Rf2 Qb1+ 33. Kg2 Qe4 34. Bf4 Qxf3+ 35. Kxf3 Bxf4 36. Kxf4 Rd7 37. Rfc2 Re4+ 38. Kf3 Rb4 39. R2c3 d4 40. Rxc7 dxc3 41. Rc8+ Kh7 0-1

[Event "NATO, Breda"]
[Site "Breda"]
[Date "1994.??.??"]
[Round "7"]
[White "Kolas, T."]
[Black "Brameld, Arthur F"]
[Result "0-1"]
[WhiteElo "2050"]
[BlackElo "2120"]
[PlyCount "106"]
[EventDate "1994.??.??"]
[EventType "simul"]
[EventRounds "7"]
[EventCountry "NED"]

1. Nf3 d5 2. d4 g6 3. c4 c6 4. Nc3 Nf6 5. Bg5 Ne4 6. Bf4 Bg7 7. cxd5 Nxc3 8. bxc3 cxd5 9. Bxb8 Rxb8 10. Qa4+ Bd7 11. Qxa7 Qc7 12. Qa3 O-O 13. e3 Rfc8 14. Rc1 Bf5 15. Bb5 Qb6 16. Qb3 Ra8 17. O-O Ra5 18. c4 Be6 19. Ng5 dxc4 20. Nxe6 Rxb5 21. Rxc4 Rxc4 22. Qxc4 fxe6 23. Rc1 Qc6 24. Qxc6 bxc6 25. f4 g5 26. g3 gxf4 27. gxf4 Kf7 28. a4 Ra5 29. Rxc6 Rxa4 30. Rc2 Bf6 31. Kg2 Ra3 32. Kf2 Kg6 33. Rd2 Bh4+ 34. Kf3 Kf5 35. Rb2 Be1 36. Rb5+ Kf6 37. Rh5 Bd2 38. Rh6+ Kf5 39. Rxh7 Rxe3+ 40. Kf2 Kxf4 41. Rxe7 {Sealed Move.} Be1+ 42. Kg2 Bc3 43. Rf7+ Ke4 44. h4 Bxd4 45. h5 Re2+ 46. Kg3 Be5+ 47. Kg4 Rg2+ 48. Kh4 Bf4 49. Rb7 e5 50. Kh3 Rg3+ 51. Kh4 Rg1 52. Kh3 Kf3 53. Rb3+ Be3 0-1

[Event "Ports Lge"]
[Site "?"]
[Date "1995.??.??"]
[Round "?"]
[White "Brameld, Arthur F"]
[Black "Buckley, Martin"]
[Result "1-0"]
[WhiteElo "2125"]
[BlackElo "1925"]
[PlyCount "77"]
[EventDate "1995.??.??"]
[EventType "simul"]
[EventRounds "9"]

1. e4 e6 2. d4 c5 3. Nf3 cxd4 4. Nxd4 Nc6 5. Nc3 a6 6. Be3 Nf6 7. f4 Bb4 8. Bd3 Bc5 9. Nxc6 Qb6 10. Bxc5 Qxc5 11. Ne5 Qe3+ 12. Ne2 Nxe4 13. Bxe4 Qxe4 14. Qd3 Qb4+ 15. Qc3 Qe7 16. O-O-O f6 17. Nc4 O-O 18. Nb6 Rb8 19. Qc7 Qb4 20. Nxd7 Qe7 21. Nxf6+ Qxf6 22. Qxb8 Qe7 23. Qd6 Qe8 24. Rhe1 Qa4 25. Nc3 Qe8 26. Nd5 e5 27. Rxe5 Qf7 28. Ne7+ Kh8 29. Nxc8 Qxf4+ 30. Kb1 Rxc8 31. Re8+ Rxe8 32. Qxf4 h6 33. a4 b5 34. Qf7 Rg8 35. Rd7 bxa4 36. Ka2 a5 37. Ka3 Kh7 38. h4 Kh8 39. Qg6 1-0

[Event "Fare Ch"]
[Site "?"]
[Date "1995.??.??"]
[Round "2"]
[White "Fairall, Colin"]
[Black "Brameld, Arthur F"]
[Result "0-1"]
[WhiteElo "2875"]
[BlackElo "2125"]
[PlyCount "84"]
[EventDate "1995.??.??"]
[EventType "simul"]
[EventRounds "4"]

1. d4 Nf6 2. Nf3 e6 3. a3 c5 4. e3 Nc6 5. c3 b6 6. Nbd2 Bb7 7. Bd3 d5 8. O-O c4 9. Bc2 Bd6 10. e4 dxe4 11. Nxe4 Nxe4 12. Bxe4 Qc7 13. Re1 O-O-O 14. Qa4 f5 15. Bxc6 Bxc6 16. Qxc4 Bxf3 17. Qxc7+ Kxc7 18. gxf3 Rhe8 19. Bg5 Rd7 20. Re2 h6 21. Bd2 e5 22. dxe5 Rxe5 23. Rae1 Rd5 24. f4 Bxa3 25. bxa3 Rxd2 26. Rxd2 Rxd2 27. Re7+ Rd7 28. Re5 g6 29. Re6 Rd6 30. Re7+ Kb8 31. Kg2 Rc6 32. Re3 Kb7 33. Kf3 Ka6 34. Ke2 Kb5 35. Kd3 Rd6+ 36. Kc2 Ka4 37. c4 Rd4 38. Re7 a5 39. Re6 Rxc4+ 40. Kb2 b5 41. Rxg6 Rxf4 42. Rxh6 Rxf2+ 0-1

[Event "Ports Lge"]
[Site "?"]
[Date "1995.??.??"]
[Round "?"]
[White "Emerson, William"]
[Black "Brameld, Arthur F"]
[Result "1/2-1/2"]
[WhiteElo "1880"]
[BlackElo "2125"]
[PlyCount "116"]
[EventDate "1995.??.??"]
[EventType "simul"]
[EventRounds "9"]

1. e4 Nf6 2. e5 Nd5 3. d4 d6 4. Nf3 Bg4 5. Be2 e6 6. O-O Be7 7. c4 Nb6 8. Nc3 O-O 9. b3 Nc6 10. exd6 cxd6 11. Ba3 d5 12. Bxe7 Nxe7 13. c5 Nd7 14. Ne5 Bxe2 15. Qxe2 Nxe5 16. Qxe5 Nc6 17. Qf4 Qa5 18. Na4 Qb4 19. Rad1 b5 20. cxb6 axb6 21. Qd2 b5 22. Nc5 Rfc8 23. Qxb4 Nxb4 24. a4 bxa4 25. Nxa4 Rc2 26. Rc1 g6 27. h3 Rac8 28. Rxc2 Rxc2 29. Rd1 Kg7 30. g3 h5 31. Kg2 Kf6 32. Kf3 Ra2 {Sealed Move.} 33. h4 Kf5 34. Nc5 f6 35. Nd3 Nc6 36. Nf4 Rb2 37. Ke3 Nb4 38. Kf3 Rxb3+ 39. Kg2 Nc2 40. Kh3 Rb4 41. Ne2 g5 42. hxg5 fxg5 43. Kg2 Rc4 44. Rh1 Nxd4 45. Nxd4+ Rxd4 46. Rxh5 Rd2 47. Kf3 e5 48. g4+ Kg6 49. Rh8 e4+ 50. Ke3 Rd3+ 51. Ke2 Kf6 52. Re8 Rh3 53. Rf8+ Ke5 54. Rf5+ Kd4 55. Rxg5 Kc4 56. Rg8 d4 57. g5 d3+ 58. Kd2 Rh2 {Sealed Move.} 1/2-1/2

[Event "Soton Lge"]
[Site "?"]
[Date "1995.??.??"]
[Round "?"]
[White "Brameld, Arthur F"]
[Black "Carpenter, Anthony"]
[Result "1-0"]
[WhiteElo "2125"]
[BlackElo "1925"]
[PlyCount "49"]
[EventDate "1995.??.??"]
[EventType "simul"]
[EventRounds "2"]

1. e4 d6 2. d4 Nf6 3. Nc3 g6 4. f4 Bg7 5. Bd3 O-O 6. Nf3 Na6 7. O-O c5 8. d5 Nc7 9. a4 Rb8 10. Qe1 b6 11. Qh4 Ba6 12. f5 Bxd3 13. cxd3 Re8 14. fxg6 hxg6 15. Bh6 Bh8 16. Ng5 Qd7 17. h3 b5 18. g4 bxa4 19. Rf2 Rb4 20. Raf1 Nb5 21. Bf8 Nd4 22. Rxf6 exf6 23. Qh7+ Kxf8 24. Qxh8+ Ke7 25. Qxf6+ 1-0

[Event "Fare Ch"]
[Site "?"]
[Date "1995.??.??"]
[Round "3"]
[White "Brameld, Arthur F"]
[Black "Silber, Warwick"]
[Result "1-0"]
[WhiteElo "2160"]
[BlackElo "1775"]
[PlyCount "75"]
[EventDate "1995.??.??"]
[EventType "simul"]
[EventRounds "4"]

1. e4 e5 2. f4 exf4 3. Nf3 d5 4. exd5 Bd6 5. Bb5+ Bd7 6. Bc4 Nf6 7. Qe2+ Qe7 8. Qxe7+ Bxe7 9. d4 Bd6 10. Ne5 Bf5 11. c3 g5 12. h4 gxh4 13. Rxh4 Nbd7 14. Bxf4 Rg8 15. Nxd7 Bxd7 16. Bxd6 cxd6 17. Na3 Rxg2 18. O-O-O O-O-O 19. Rf1 Re8 20. Nc2 Re4 21. Rhh1 Ng4 22. Rxf7 h6 23. Bf1 Rf2 24. Rxf2 Nxf2 25. Rxh6 Kc7 26. Rf6 Ng4 27. Rf7 a6 28. Bg2 Re8 29. Bh3 Rg8 30. Rxd7+ Kxd7 31. Ne3 Kc7 32. Bxg4 b5 33. Kd2 a5 34. b3 Rh8 35. c4 b4 36. c5 Rh2+ 37. Be2 Rh1 38. Bf1 {Sealed Move.} 1-0

[Event "Portsmouth Open"]
[Site "?"]
[Date "1995.??.??"]
[Round "1"]
[White "Brameld, Arthur F"]
[Black "Punnett, Alan"]
[Result "1-0"]
[WhiteElo "2160"]
[BlackElo "1960"]
[PlyCount "43"]
[EventDate "1995.??.??"]
[EventType "simul"]
[EventRounds "6"]

1. e4 e6 2. d4 d5 3. Nc3 Bb4 4. Qd3 c5 5. exd5 Qxd5 6. dxc5 Nf6 7. Bd2 Qxc5 8. a3 Ba5 9. Be2 Bb6 10. Qg3 Bd7 11. Be3 Qe7 12. Bf4 Na6 13. Bd6 Qd8 14. O-O-O Rg8 15. Nh3 Rc8 16. Rhe1 Bc7 17. Ng5 Bxd6 18. Rxd6 Qc7 19. Bd3 Nc5 20. Bxh7 Nxh7 21. Nxh7 Ke7 22. Nd5+ 1-0